| 000 | 01086cam a2200301 a 4500 | ||
|---|---|---|---|
| 001 | 12258102 | ||
| 003 | ARRUPE | ||
| 005 | 20211004122821.0 | ||
| 008 | 001215s2001 mau b 001 0 eng | ||
| 010 | _a 00069789 | ||
| 020 | _a0631216464 (alk. paper) | ||
| 020 | _a0631216472 (pbk. : alk. paper) | ||
| 040 |
_aDLC _cDLC _dDLC |
||
| 042 | _apcc | ||
| 050 | 0 | 0 |
_aB808.5 _b.A52 2001 |
| 082 | 0 | 0 |
_a146/.4 _221 |
| 245 | 0 | 0 |
_aAnalytic philosophy : _ban anthology / _cedited by A.P. Martinich and David Sosa. |
| 260 |
_aMalden, Mass. : _bBlackwell, _c2001. |
||
| 300 |
_aix, 517 p. ; _c26 cm. |
||
| 440 | 0 |
_aBlackwell philosophy anthologies ; _v13 _950249 |
|
| 504 | _aIncludes bibliographical references and index. | ||
| 650 | 0 | _aAnalysis (Philosophy) | |
| 700 | 1 |
_aMartinich, Aloysius. _912225 |
|
| 700 | 1 |
_aSosa, David, _d1966- _950250 |
|
| 906 |
_a7 _bcbc _corignew _d1 _eocip _f20 _gy-gencatlg |
||
| 942 |
_2lcc _cMONOGRAPH |
||
| 999 |
_c130665 _d130665 |
||